Operational Amplifiers And Linear Integrated Circuits (Record no. 316210)

MARC details
000 -LEADER
fixed length control field 00486nam a2200181Ia 4500
008 - FIXED-LENGTH DATA ELEMENTS--GENERAL INFORMATION
fixed length control field 230718s9999 xx 000 0 und d
041 ## - LANGUAGE CODE
Language code of text/sound track or separate title eng
082 ## - DEWEY DECIMAL CLASSIFICATION NUMBER
Classification number 621.3815
Item number COU
100 ## - MAIN ENTRY--PERSONAL NAME
Personal name Coughlin R.F.
9 (RLIN) 149564
245 ## - TITLE STATEMENT
Title Operational Amplifiers And Linear Integrated Circuits
250 ## - EDITION STATEMENT
Edition statement 4th ed.
260 ## - PUBLICATION, DISTRIBUTION, ETC. (IMPRINT)
Name of publisher, distributor, etc. Prentice Hall Of India
300 ## - PHYSICAL DESCRIPTION
Extent 502
365 ## - TRADE PRICE
Currency code Rs.
Price amount 225.00
500 ## - GENERAL NOTE
Keywords DONATED
700 ## - ADDED ENTRY--PERSONAL NAME
Personal name Coughlin R.F. & Driscoll F.F.
906 ## - LOCAL DATA ELEMENT F, LDF (RLIN)
d B:-03-Apr-2007
c ETC
Holdings
Withdrawn status Lost status Damaged status Not for loan Home library Current library Date acquired Vendor Budget Code Cost, normal purchase price Total Checkouts Full call number Barcode Date last seen Cost, replacement price Bill Date Koha item type Original Barcode
        Cummins College of Engineering for Women Pune Cummins College of Engineering for Women Pune 04/04/2007 Masurkar Enterprises ETC 225.00   621.3815 CCEP-BK-27417 18/07/2023 225.00 03/04/2007 Books 027417